Statistics for Planets of the Solar System in Different Languages

Click here to take the quiz!

General Stats

  • This quiz has been taken 151 times
  • The average score is 27 of 40

Answer Stats

Answer% Correct
Earth
98%
Júpiter
98%
Jupiter
98%
Jupiter
98%
Jupiter
98%
Mars
98%
Mars
98%
Mars
98%
Mercury
97%
Neptun
97%
Saturn
97%
Saturn
97%
Uranus
97%
Uranus
97%
Uranus
97%
Venus
97%
Vénus
97%
Venus
97%
Venus
97%
Neptune
93%
Neptune
93%
Terra
51%
Saturno
49%
Saturno
49%
Mercurio
46%
Mercurio
46%
Terre
46%
Neptuno
43%
Urano
42%
Urano
42%
Saturne
41%
Merkur
39%
Mercure
36%
Tierra
35%
Erde
34%
Marte
27%
Marte
27%
Nettuno
20%
Venere
14%
Giove
13%

Score Distribution

Percentile by Number Answered

Percent of People with Each Score

Your Score History

You have not taken this quiz